000 00670nam a2200277Ia 4500
005 20250425160743.0
008 250425s9999 xx 000 0 und d
020 _a9688806854
041 _aspa
043 _amx
082 _a658
100 _aSTONER, JAMES A. F.
245 0 _aADMINISTRACIÓN
250 _a6A ED.
260 _aMEXICO
260 _aMéxico
_bPEARSON EDUCACION
_c1996
300 _a688
500 _aTítulo Traducido: MANAGEMENT
650 _aEMPRESAS
650 _aESTUDIOS DE CASOS
650 _aGESTION
650 _aPLANIFICACION ESTRATEGICA
700 _aPILAR MASCARO DE ANDA
_etraductor
942 _c01
010 _a4441
999 _c195465
_d195465